Răng mà thương mà nhớ Tạp bút

Quê nhà của tôi trước mặt là núi non xanh mướt tầm mắt, phía sau có dòng sông nhỏ êm ả, hiền hòa quanh năm. Những buổi trưa trên đường đến trường, cả đám trẻ tranh thủ loi nhoi ngụp lặn trong dòng nước trong veo, mát rượi. Cứ tưởng mọi...

وصف كامل

محفوظ في:
التفاصيل البيبلوغرافية
المؤلف الرئيسي: Lê, Công Sơn
التنسيق: كتاب
اللغة:Undetermined
منشور في: H. Hội Nhà văn 2018
الموضوعات:
الوصول للمادة أونلاين:http://lrc.tdmu.edu.vn/opac/search/detail.asp?aID=2&ID=35954
الوسوم: إضافة وسم
لا توجد وسوم, كن أول من يضع وسما على هذه التسجيلة!
Thư viện lưu trữ: Trung tâm Học liệu Trường Đại học Thủ Dầu Một
LEADER 01633nam a2200217Ia 4500
001 TDMU_35954
008 210410s9999 xx 000 0 und d
082 |a 338.9 
090 |b L250 
100 |a Lê, Công Sơn 
245 0 |a Răng mà thương mà nhớ 
245 0 |b Tạp bút 
245 0 |c Lê Công Sơn 
260 |a H. 
260 |b Hội Nhà văn 
260 |c 2018 
300 |a 219tr. 
520 |a Quê nhà của tôi trước mặt là núi non xanh mướt tầm mắt, phía sau có dòng sông nhỏ êm ả, hiền hòa quanh năm. Những buổi trưa trên đường đến trường, cả đám trẻ tranh thủ loi nhoi ngụp lặn trong dòng nước trong veo, mát rượi. Cứ tưởng mọi kỷ niệm xa ngái của thời đi học: bắn bi, đánh lộn, tắm sông, mót khoai, sợ ma... cùng biết bao trò chơi trong không gian thoáng đãng của đêm trăng quê hương sẽ không bao giờ còn được gặp lại nữa. Thời gian và công việc ở phố như dòng thác cuốn trôi tuổi thơ của tôi lạc mất lúc nào không biết, chỉ còn lại đây đó nỗi nhớ thương ray rứt khôn nguôi mỗi lúc đêm về, vậy mà... 
650 |a Văn học hiện đại  |v Tạp bút  |z Việt Nam; Văn học Việt Nam  |v Tạp bút 
856 |u http://lrc.tdmu.edu.vn/opac/search/detail.asp?aID=2&ID=35954 
980 |a Trung tâm Học liệu Trường Đại học Thủ Dầu Một